O meu dia de anos (Registo nº 6031)
[ vista simples ]
| 000 -Etiqueta do registo | |
|---|---|
| Valores | 00671nam a2200241 4500 |
| 010 ## - Número ISBN | |
| ISBN | 9728834004 |
| 021 ## - Número do Depósito Legal | |
| Número | 198696/03 |
| 100 ## - Dados gerais de processamento | |
| Dados gerais | 20250930d2004 c y0pory5003 ba |
| 200 1# - Titulo e menção de responsabilidade | |
| Título próprio | O meu dia de anos |
| Primeira menção de responsabilidade | Sara Oliveira |
| Outras menções de responsabilidade | il. Cristina Malaquias |
| 210 #9 - Publicação | |
| Local de publicação | Lisboa |
| Nome do editor | Mercado de Letras |
| Data de publicação | 2004 |
| 215 ## - Descrição física | |
| Paginação / Volumes | 60 p. |
| Outras indicações físicas | il. |
| 606 ## - Nome comum usado como assunto | |
| ID Autoridade | 14 |
| Palavra de ordem | Literatura infantil |
| 606 ## - Nome comum usado como assunto | |
| ID Autoridade | 15 |
| Palavra de ordem | Literatura Portuguesa |
| 675 ## - CDU | |
| Notação | 82-93 |
| Edição | BN |
| Língua | por |
| 675 ## - CDU | |
| Notação | 821.134.3 |
| Edição | BN |
| Língua | por |
| 675 ## - CDU | |
| Notação | 793.7 |
| Edição | BN |
| Língua | por |
| 700 ## - Autor principal (pessoa individual) | |
| Apelido | Oliveira |
| Nome | Sara |
| ID Autoridade | 5721 |
| 702 ## - Autor secundário (pessoa individual) | |
| Apelido | Malaquias |
| Nome | Cristina |
| ID Autoridade | 780 |
| 801 ## - Fonte de origem | |
| País | PT |
| Agência | BEN2VN |
| Regras de catalogação | RPC |
| 830 ## - Notas gerais do catalogador | |
| Criado por | Tânia Croca |
| Data de criação | 30/09/2025 |
| 990 ## - Elementos KOHA | |
| Tipo de documento | Livro |
| Situação do levantamento | Biblioteca de origem | Código de barras | Cota | Permissão de empréstimo | Tipo de documento | Forma de aquisição |
|---|---|---|---|---|---|---|
| Biblioteca Escola Nº2 Vendas Novas | 100000000071 | LI POR/OLI | Livro |